000 00677nam a2200277Ia 4500
005 20260324114224.0
008 008 260324s9999 xx 000 0 eng d
020 _a9780429262067
037 _aEBOOK
040 _aCRL
040 _beng
040 _cCRL
041 _2eng
041 _aeng
084 _qCRL
100 _aJulian Petley; John Steel
_91149922
245 4 _aThe Routledge Companion to Freedom of Expression and Censorship
260 _bTaylor and Francis
260 _c2023
365 _a
365 _b350
856 _uhttp://www.taylorfrancis.com/books/9780429262067
942 _cEBOOK
999 _c1739978
_d1739978